000
00270nam a2200109Ia 4500
001
1276039
005
20260417160439.0
008
260417s9999 xx 000 0 und d
020
_a
9786255929891
245
0
_a
Annemin Arabası
_c
Lucy Catchpole
260
_b
Ketebe Çocuk
999
_c
1276039
_d
1276039